000 00513nam a2200181Ia 4500
008 090123s9999 xx 000 0 und d
082 _b10322
100 _aभावे पु. भा.
245 _aरेशीमधागे
250 _a1
260 _bआरती प्रकाशन
_c1985
300 _a149
600 _aभावे पु. भा.
630 _aरेशीमधागे
700 _aभावे पु. भा.
730 _aरेशीमधागे
942 _cBOOK
999 _c48388
_d48388